000 00246nam a2200097Ia 4500
001 652256
005 20250826154435.0
008 250824s9999 xx 000 0 und d
245 0 _aYEŞİL KİRAZ
_cGÜLTEN DAYIOĞLU
260 _bYAPI KREDİ YAYINLARI
999 _c652256
_d652256